[Event "PRO League Group Stage"]
[Site "chess.com INT"]
[Date "2019.01.10"]
[Round "1"]
[White "Joie, Sebastien"]
[Black "Hansen, Torbjorn Ringdal"]
[Result "0-1"]
[WhiteTitle "IM"]
[BlackTitle "GM"]
[WhiteElo "2439"]
[BlackElo "2419"]
[WhiteTeam "Cannes Blitzstreams"]
[BlackTeam "Norway Gnomes"]
[WhiteFideId "650420"]
[BlackFideId "1501720"]
[EventDate "2019.01.08"]

1. Nf3 f5 2. d3 d6 3. e4 e5 4. Nc3 c5 5. g3 Nf6 6. Nh4 fxe4 7. dxe4 Be6 8. Nd5
Be7 9. Bc4 Nxd5 10. exd5 Bf7 11. Nf5 O-O 12. Qg4 Bg6 13. Nxe7+ Qxe7 14. Bg5 Qf7
15. Qe6 Nd7 16. Be7 Bf5 17. Qxf7+ Rxf7 18. Bxd6 Nb6 19. Bd3 Bxd3 20. cxd3 Nxd5
21. Bxe5 Re8 22. f4 Nxf4 23. gxf4 Rxf4 24. Kd2 Rxe5 25. Rhf1 Ref5 26. Rxf4 Rxf4
27. Kc3 Kf7 28. Re1 b6 29. Re5 Rh4 30. Re2 g5 31. a3 a5 32. Kd2 h5 33. Ke3 Kf6
34. Kf3 Rd4 35. Ke3 Kf5 36. Rf2+ Rf4 37. Rg2 g4 38. b3 h4 39. Rg1 Rf3+ 40. Ke2
Kf4 41. Rc1 Rh3 42. Rf1+ Ke5 43. Rf2 g3 44. hxg3 Rxg3 45. Rf8 h3 46. Kd2 h2 47.
Rh8 Rg2+ 48. Kc3 Kf4 49. Kc4 Rb2 50. a4 Kg3 51. Rg8+ Kf2 52. Rh8 Kg1 53. Rg8+
Rg2 54. Rh8 h1=Q 55. Rxh1+ Kxh1 56. Kb5 Rg6 0-1

[Event "PRO League Group Stage"]
[Site "chess.com INT"]
[Date "2019.01.15"]
[Round "2"]
[White "Rohde, Michael"]
[Black "Haria, Ravi"]
[Result "1-0"]
[WhiteTitle "GM"]
[BlackTitle "IM"]
[WhiteElo "2358"]
[BlackElo "2450"]
[WhiteTeam "Montclair Sopranos"]
[BlackTeam "London Lions"]
[WhiteFideId "2000172"]
[BlackFideId "415820"]
[EventDate "2019.01.08"]

1. Nf3 Nf6 2. c4 e6 3. Nc3 d5 4. d4 Bb4 5. Qa4+ Nc6 6. e3 O-O 7. Qc2 Re8 8. a3
Bf8 9. Bd3 e5 10. cxd5 Nxd4 11. exd4 e4 12. Nxe4 Nxe4 13. O-O Qxd5 14. Bf4 Nf6
15. Be5 Bg4 16. Ng5 Qc6 17. Bxh7+ 1-0

[Event "PRO League Group Stage"]
[Site "chess.com INT"]
[Date "2019.01.15"]
[Round "2"]
[White "Roberson, Peter T"]
[Black "Lenderman, Aleksandr"]
[Result "0-1"]
[WhiteTitle "IM"]
[BlackTitle "GM"]
[WhiteElo "2420"]
[BlackElo "2637"]
[WhiteTeam "London Lions"]
[BlackTeam "Montclair Sopranos"]
[WhiteFideId "412384"]
[BlackFideId "2021285"]
[EventDate "2019.01.08"]

1. e4 e5 2. Nf3 Nf6 3. d4 Nxe4 4. Bd3 Nc6 5. Nxe5 Nxe5 6. dxe5 Nc5 7. O-O d6 8.
Re1 dxe5 9. Rxe5+ Be6 10. Bb5+ c6 11. Qxd8+ Rxd8 12. Bf1 Be7 13. Nc3 O-O 14. Re1
Bf6 15. Be3 Bd4 16. Bxd4 Rxd4 17. Rad1 Rfd8 18. a3 Kf8 19. Rxd4 Rxd4 20. Rd1
Rxd1 21. Nxd1 Ke7 22. f3 Kd6 23. Kf2 Ke5 24. Ke3 Bf5 25. f4+ Kd6 26. c4 Bc2 27.
Nc3 Bb3 28. g3 h6 29. h4 a5 30. Kd4 a4 31. Be2 Bc2 32. Ke3 f6 33. Bd1 Bxd1 34.
Nxd1 h5 35. Nc3 b6 36. Kd4 Ke6 37. Nd1 Nb3+ 38. Kc3 Kf5 39. Nf2 c5 40. Kd3 Na5
41. Kc3 Nb7 42. b3 axb3 43. Kxb3 Nd6 44. Ka4 Nxc4 45. Kb5 Nxa3+ 46. Kxb6 c4 47.
Kc5 c3 48. Kd4 c2 49. Nd3 Kg4 50. Ke4 Kxg3 51. Kf5 Kxh4 52. Kg6 Kg4 53. f5 h4
54. Kxg7 Kxf5 0-1

[Event "PRO League Group Stage"]
[Site "chess.com INT"]
[Date "2019.01.15"]
[Round "2"]
[White "Harvey, Marcus R"]
[Black "Sevian, Samuel"]
[Result "1/2-1/2"]
[WhiteTitle "FM"]
[BlackTitle "GM"]
[WhiteElo "2397"]
[BlackElo "2647"]
[WhiteTeam "London Lions"]
[BlackTeam "Montclair Sopranos"]
[WhiteFideId "400092"]
[BlackFideId "2040506"]
[EventDate "2019.01.08"]

1. Nf3 Nf6 2. b3 d6 3. d4 g6 4. Bb2 Bg7 5. e3 O-O 6. Be2 c5 7. O-O cxd4 8. Nxd4
Nc6 9. c4 Bd7 10. Nc3 Rc8 11. Rc1 Qa5 12. a3 Ne5 13. h3 a6 14. f4 Nc6 15. b4 Qd8
16. Qd2 a5 17. Nxc6 Bxc6 18. Rfd1 b6 19. Bd3 Re8 20. bxa5 bxa5 21. Nb5 Rb8 22.
Bc3 a4 23. Qc2 Qb6 24. Bd4 Qa5 25. Bc3 Qb6 26. Bd4 Qb7 27. Rb1 Qd7 28. Qxa4 e5
29. fxe5 dxe5 30. Bc5 Ra8 31. Qb4 Reb8 32. Bxg6 Qb7 33. Nd6 Qc7 34. Bxf7+ Kh8
35. Bb6 Qe7 36. c5 Ra4 37. Qe1 Rf8 38. Bb3 Rxa3 39. Qh4 Bd7 40. Rf1 Be6 41. Bxe6
Qxe6 42. Nf5 Ra2 43. Nxg7 Kxg7 44. Rbd1 Kh8 45. Rd6 Qg8 46. g3 Ne4 47. Rxf8 Qxf8
48. Rd8 Ra1+ 49. Kg2 Ra2+ 50. Kg1 Ra1+ 51. Kg2 Ra2+ 52. Kg1 Ra1+ 53. Kg2 Ra2+
54. Kg1 Ra1+ 55. Kg2 Ra2+ 56. Kg1 1/2-1/2

[Event "PRO League Group Stage"]
[Site "chess.com INT"]
[Date "2019.01.15"]
[Round "2"]
[White "Bartell, Thomas"]
[Black "Edouard, Romain"]
[Result "1/2-1/2"]
[WhiteTitle "IM"]
[BlackTitle "GM"]
[WhiteElo "2353"]
[BlackElo "2643"]
[WhiteTeam "Montclair Sopranos"]
[BlackTeam "London Lions"]
[WhiteFideId "2017849"]
[BlackFideId "633429"]
[EventDate "2019.01.08"]

1. d4 e6 2. c4 b6 3. Nc3 Bb7 4. a3 f5 5. Nf3 Nf6 6. g3 g6 7. Bg2 Bg7 8. O-O O-O
9. d5 Na6 10. Bf4 Qe8 11. dxe6 dxe6 12. Be5 Rd8 13. Qc2 Qe7 14. Rad1 Ne4 15.
Bxg7 Qxg7 16. Rxd8 Rxd8 17. Rd1 Rxd1+ 18. Nxd1 Nac5 19. b4 Nd7 20. Ng5 Nxg5 21.
Bxb7 c5 22. Qd2 Qe7 23. Ne3 f4 24. Ng4 h5 25. Bc8 hxg4 26. Bxd7 f3 27. Bc6 Qf6
28. h4 Nf7 29. exf3 gxf3 30. bxc5 bxc5 31. Qd1 Ne5 32. Be4 Nxc4 33. Bxf3 Qd4 34.
Qb1 Kg7 35. Qb7+ Kh6 36. Qxa7 Nd2 37. Bg2 Qe5 38. Qf7 c4 39. Qf8+ Kh7 40. Qf7+
Qg7 41. Qxe6 c3 42. Qc6 Qd4 43. Qc7+ Kh6 44. Qc8 Kg7 45. Qc7+ Kf6 46. Qc6+ Kg7
47. Qc7+ Kf6 48. Qc6+ Kg7 49. Qc7+ Kf6 1/2-1/2

[Event "PRO League Group Stage"]
[Site "chess.com INT"]
[Date "2019.01.15"]
[Round "2"]
[White "Cervantes Landeiro, Thalia"]
[Black "Caruana, Fabiano"]
[Result "0-1"]
[WhiteTitle "WIM"]
[BlackTitle "GM"]
[WhiteElo "2159"]
[BlackElo "2828"]
[WhiteTeam "Webster Windmills"]
[BlackTeam "Saint Louis Arch Bishops"]
[WhiteFideId "3520498"]
[BlackFideId "2020009"]
[EventDate "2019.01.08"]

1. d4 Nf6 2. c4 Nc6 3. Nc3 e5 4. d5 Ne7 5. e3 Ng6 6. Nf3 Bb4 7. Bd2 O-O 8. Be2
d6 9. O-O a5 10. Qc2 Qe7 11. a3 Bxc3 12. Bxc3 a4 13. b4 axb3 14. Qxb3 Ne4 15.
Bb4 f5 16. Nd2 Nxd2 17. Bxd2 f4 18. e4 Nh4 19. Kh1 Rf6 20. Qd1 Nxg2 21. Kxg2 Rh6
22. Rg1 Qg5+ 23. Bg4 Bxg4 24. Kf1 Bxd1 25. Rxg5 Bf3 26. Bb4 Rxh2 27. Rg1 Bxe4
28. Ke2 b6 29. Rac1 Kf7 30. Rc3 Kf6 31. Rcc1 g5 32. Rc3 h5 33. Rb3 g4 34. Rb2 g3
35. Ke1 h4 36. Re2 Bf3 37. Rd2 g2 38. Rd3 e4 39. Bc3+ Kf5 40. Rd2 Rh1 0-1

[Event "PRO League Group Stage"]
[Site "chess.com INT"]
[Date "2019.01.15"]
[Round "2"]
[White "Cordova, Emilio"]
[Black "So, Wesley"]
[Result "0-1"]
[WhiteTitle "GM"]
[BlackTitle "GM"]
[WhiteElo "2597"]
[BlackElo "2765"]
[WhiteTeam "Webster Windmills"]
[BlackTeam "Saint Louis Arch Bishops"]
[WhiteFideId "3801497"]
[BlackFideId "5202213"]
[EventDate "2019.01.08"]

1. Nf3 d5 2. c4 d4 3. b4 f6 4. e3 e5 5. c5 a5 6. Qa4+ Qd7 7. Bb5 c6 8. Bc4 Na6
9. O-O Ne7 10. d3 dxe3 11. fxe3 Nd5 12. d4 b5 13. cxb6 Nxb6 14. Qb3 Nxc4 15.
Qxc4 Nxb4 16. Qb3 Ba6 17. Rd1 e4 18. Nfd2 Bd3 19. Na3 a4 20. Qb2 Be2 21. Ndc4
Bxd1 22. Nb6 Nd3 23. Qd2 Qf5 24. Rb1 Rb8 25. Nac4 Bh5 26. Qc2 Be7 0-1

[Event "PRO League Group Stage"]
[Site "chess.com INT"]
[Date "2019.01.15"]
[Round "2"]
[White "Ali Marandi, Cemil Can"]
[Black "Nyzhnyk, Illya"]
[Result "1-0"]
[WhiteTitle "GM"]
[BlackTitle "GM"]
[WhiteElo "2530"]
[BlackElo "2624"]
[WhiteTeam "Saint Louis Arch Bishops"]
[BlackTeam "Webster Windmills"]
[WhiteFideId "6300529"]
[BlackFideId "14118084"]
[EventDate "2019.01.08"]

1. d4 d5 2. Bf4 Nf6 3. e3 c5 4. c3 Nc6 5. Nd2 e6 6. Bd3 Be7 7. h3 O-O 8. Ngf3 c4
9. Bc2 b5 10. O-O Bb7 11. e4 dxe4 12. Nxe4 Nxe4 13. Bxe4 Qb6 14. Qe2 Rad8 15.
Rad1 Rfe8 16. Rfe1 Bf6 17. Bg5 Bxg5 18. Bxh7+ Kxh7 19. Nxg5+ Kg8 20. Qh5 Qc7 21.
d5 Ne5 22. d6 Rxd6 23. Rxd6 Qxd6 24. Rxe5 Qd7 25. Qh7+ Kf8 26. Qh8+ Ke7 27. Qxg7
Kd8 28. Nxf7+ Kc8 29. Rxb5 Bc6 30. Rc5 Kb7 31. Nd6+ 1-0

[Event "PRO League Group Stage"]
[Site "chess.com INT"]
[Date "2019.01.15"]
[Round "2"]
[White "Bloomer, Josh"]
[Black "Robson, Ray"]
[Result "0-1"]
[BlackTitle "GM"]
[WhiteElo "1950"]
[BlackElo "2667"]
[WhiteTeam "Saint Louis Arch Bishops"]
[BlackTeam "Webster Windmills"]
[WhiteFideId "2020416"]
[BlackFideId "2023970"]
[EventDate "2019.01.08"]

1. d4 Nf6 2. c4 e6 3. g3 d5 4. Nf3 Bb4+ 5. Bd2 Be7 6. Bg2 O-O 7. O-O Nbd7 8. Qc2
Ne4 9. Bf4 c6 10. Nbd2 g5 11. Be3 Nd6 12. cxd5 exd5 13. Ne5 Nb6 14. f4 Bf5 15.
Qc1 g4 16. Bf2 Re8 17. Re1 Bf8 18. b3 f6 19. Nd3 Nd7 20. Nc5 b6 21. Nd3 Rc8 22.
Nb4 Nb8 23. Nxc6 Nxc6 24. Bxd5+ Kg7 25. Bxc6 Ne4 26. d5 Nxd2 27. Qxd2 Rxc6 28.
e4 Rxe4 29. Rxe4 Bxe4 30. Rd1 Rd6 31. Qe1 Rxd5 0-1

[Event "PRO League Group Stage"]
[Site "chess.com INT"]
[Date "2019.01.15"]
[Round "2"]
[White "Edouard, Romain"]
[Black "Rohde, Michael"]
[Result "1-0"]
[WhiteTitle "GM"]
[BlackTitle "GM"]
[WhiteElo "2643"]
[BlackElo "2358"]
[WhiteTeam "London Lions"]
[BlackTeam "Montclair Sopranos"]
[WhiteFideId "633429"]
[BlackFideId "2000172"]
[EventDate "2019.01.08"]

1. Nf3 Nf6 2. c4 c5 3. b3 b6 4. g3 Bb7 5. Bg2 d6 6. d4 cxd4 7. Qxd4 g6 8. Bb2
Bg7 9. O-O O-O 10. Nc3 Nbd7 11. Rfd1 Ne4 12. Qe3 Nxc3 13. Bxc3 Bxc3 14. Qxc3 Nf6
15. Qe3 Kg7 16. Ne1 Qc7 17. Rac1 Rac8 18. Nd3 Bxg2 19. Kxg2 Qb7+ 20. f3 Rfe8 21.
Qd4 Kg8 22. e4 Nd7 23. Nb4 Nf6 24. a4 Rc5 25. g4 a6 26. h4 Rec8 27. Ra1 h5 28.
g5 Ne8 29. Rd2 e6 30. Re1 a5 31. Na2 R5c6 32. Nc3 Qe7 33. Re3 Rc5 34. e5 dxe5
35. Rxe5 Rxe5 36. Qxe5 Qc5 37. Qxc5 bxc5 38. Rd7 Ng7 39. Ra7 Nf5 40. Rxa5 Nxh4+
41. Kf2 Rd8 42. Ne4 Nf5 43. Rxc5 h4 44. Kg2 Kg7 45. a5 Ne3+ 46. Kh3 Rd3 47. a6
Rxb3 48. a7 Ra3 49. Rc8 Ra1 50. Kh2 Nf1+ 51. Kg2 Ne3+ 52. Kf2 Nd1+ 53. Ke2 Nc3+
54. Nxc3 Rxa7 55. Ne4 Ra2+ 56. Ke3 Ra3+ 57. Kf4 1-0

[Event "PRO League Group Stage"]
[Site "chess.com INT"]
[Date "2019.01.15"]
[Round "2"]
[White "Haria, Ravi"]
[Black "Bartell, Thomas"]
[Result "1-0"]
[WhiteTitle "IM"]
[BlackTitle "IM"]
[WhiteElo "2450"]
[BlackElo "2353"]
[WhiteTeam "London Lions"]
[BlackTeam "Montclair Sopranos"]
[WhiteFideId "415820"]
[BlackFideId "2017849"]
[EventDate "2019.01.08"]

1. Nf3 g6 2. g3 Bg7 3. d4 Nf6 4. Bg2 O-O 5. O-O d6 6. b3 e5 7. dxe5 Ng4 8. Bb2
Nc6 9. c4 Ngxe5 10. Qc1 Bg4 11. Rd1 Qc8 12. Nc3 Re8 13. Nd5 Ne7 14. Ne3 Nxf3+
15. exf3 Bh3 16. Bxg7 Kxg7 17. Qc3+ f6 18. Re1 Bxg2 19. Kxg2 Qd7 20. Rad1 Rad8
21. Rd4 Ng8 22. c5 Qc6 23. Red1 Re5 24. Rc4 d5 25. Rcd4 Ne7 26. b4 Qe8 27. f4
Re4 28. Rxe4 dxe4 29. Rxd8 Qxd8 30. Qc4 f5 31. Qe6 Ng8 32. Nd5 c6 33. Qe5+ Kf7
34. Ne3 Qe7 35. Qh8 Nf6 36. Qb8 a6 37. Nc4 Nd5 38. Qh8 Nf6 39. Nd6+ Ke6 40. Qc8+
Qd7 41. Qb8 Nd5 42. Nxb7 e3 43. Qe5+ Kf7 44. Nd6+ Kg8 45. fxe3 Nxb4 46. Qb2 Nd5
47. Qe5 Qe7 48. Qxe7 Nxe7 49. Kf3 Nd5 50. Nb7 Kf8 51. Na5 Nb4 52. a3 Nd3 53. Nb3
Ke7 54. Ke2 Nb2 55. Kd2 Nc4+ 56. Kd3 Nxa3 57. Na5 Kd7 58. h4 Nb5 59. e4 fxe4+
60. Kxe4 Nc3+ 61. Ke5 Na4 62. Nb3 Ke8 63. Kd6 Nc3 64. Kxc6 Ne4 65. Kb7 1-0

[Event "PRO League Group Stage"]
[Site "chess.com INT"]
[Date "2019.01.15"]
[Round "2"]
[White "Sevian, Samuel"]
[Black "Roberson, Peter T"]
[Result "1-0"]
[WhiteTitle "GM"]
[BlackTitle "IM"]
[WhiteElo "2647"]
[BlackElo "2420"]
[WhiteTeam "Montclair Sopranos"]
[BlackTeam "London Lions"]
[WhiteFideId "2040506"]
[BlackFideId "412384"]
[EventDate "2019.01.08"]

1. e4 e6 2. d3 d5 3. Nd2 Nf6 4. Ngf3 c5 5. g3 Nc6 6. Bg2 Be7 7. O-O O-O 8. Re1
Qc7 9. e5 Nd7 10. Qe2 b5 11. Nf1 Bb7 12. Bf4 Rfc8 13. c3 a5 14. h4 b4 15. N1h2
Qd8 16. Ng5 h6 17. Nh3 a4 18. a3 bxc3 19. bxc3 Na5 20. Qg4 Kh8 21. Qh5 Bf8 22.
Qxf7 Qe8 23. Qxe8 Rxe8 24. h5 c4 25. d4 Rab8 26. Nf3 Bc6 27. Nh4 Rb3 28. Ng6+
Kg8 29. Nxf8 Nxf8 30. Be3 Reb8 31. Nf4 Rb2 32. Bh3 Kf7 33. Bg4 Nb3 34. Rab1 Ra2
35. Re2 Rxa3 36. Reb2 Rb5 37. Bd1 Ra1 38. Rxa1 Nxa1 39. Rxb5 Bxb5 40. Bc1 Nd7
41. Ba3 Nb8 42. Kf1 Bd7 43. Ke1 Na6 44. Kd2 Nc7 45. Bd6 Na6 46. Kc1 Nb3+ 47. Kb2
Nd2 48. Bc2 Ne4 49. Bxe4 dxe4 50. Ka3 Bc6 51. Ng2 Ke8 52. Ne3 Kf7 53. Nxc4 Kg8
54. Nb6 Be8 55. c4 Bxh5 56. Kxa4 Be2 57. Ka5 g5 58. Kxa6 h5 59. Be7 h4 60. gxh4
g4 61. Bg5 1-0

[Event "PRO League Group Stage"]
[Site "chess.com INT"]
[Date "2019.01.15"]
[Round "2"]
[White "Lenderman, Aleksandr"]
[Black "Harvey, Marcus R"]
[Result "1-0"]
[WhiteTitle "GM"]
[BlackTitle "FM"]
[WhiteElo "2637"]
[BlackElo "2397"]
[WhiteTeam "Montclair Sopranos"]
[BlackTeam "London Lions"]
[WhiteFideId "2021285"]
[BlackFideId "400092"]
[EventDate "2019.01.08"]

1. d4 Nf6 2. Nf3 e6 3. g3 d5 4. Bg2 Be7 5. c4 O-O 6. Qc2 a6 7. Bf4 dxc4 8. Qxc4
Nd5 9. O-O Nxf4 10. gxf4 c5 11. dxc5 Qc7 12. Nbd2 Qxc5 13. Qxc5 Bxc5 14. Rac1
Ba7 15. Nc4 Nc6 16. Rfd1 f6 17. e3 Rb8 18. Ne1 b5 19. Nd6 Na5 20. b4 Nc4 21.
Nxc4 bxc4 22. Rxc4 e5 23. fxe5 fxe5 24. a4 Rb6 25. Rdc1 Bf5 26. Bd5+ Kh8 27. Rc7
Bb8 28. Rb7 Rd6 29. e4 Rg6+ 30. Kh1 Bh3 31. Rc3 Bf1 32. Rf7 Re8 33. Rg3 Rxg3 34.
hxg3 Bd6 35. Rb7 Be2 36. Kg2 Rb8 37. Rxb8+ Bxb8 38. Bc6 Bc7 39. b5 a5 40. f3 Kg8
41. Bd5+ Kf8 42. Bb3 Bb6 43. f4 exf4 44. gxf4 Ke7 45. e5 g6 46. Kg3 h6 47. Ng2
Bd4 48. Nh4 Bd3 49. Nf3 Be3 50. Ne1 Be4 51. Bc2 Bf5 52. Bxf5 gxf5 53. Ng2 Bc5
54. Kh4 Kf7 55. Kh5 Kg7 56. Nh4 Kf7 57. Nxf5 Ke6 58. Nxh6 Kd5 59. Kg6 1-0

[Event "PRO League Group Stage"]
[Site "chess.com INT"]
[Date "2019.01.15"]
[Round "2"]
[White "Jacobson, Aaron"]
[Black "Erenburg, Sergey"]
[Result "1/2-1/2"]
[WhiteTitle "FM"]
[BlackTitle "GM"]
[WhiteElo "2286"]
[BlackElo "2589"]
[WhiteTeam "New York Marshalls"]
[BlackTeam "Pittsburgh Pawngrabbers"]
[WhiteFideId "2089912"]
[BlackFideId "2805642"]
[EventDate "2019.01.08"]

1. e4 c6 2. d4 d5 3. e5 Bf5 4. Nf3 e6 5. Be2 Ne7 6. O-O c5 7. c4 Nbc6 8. Nc3
dxc4 9. Bg5 Qd7 10. dxc5 Nd5 11. Qc1 Bxc5 12. Rd1 Nxc3 13. Qxc3 Qc7 14. Qxc4 Qb6
15. Bh4 O-O 16. a3 Rac8 17. b4 Be7 18. Rac1 Rfd8 19. Qf4 Rxd1+ 20. Rxd1 Rd8 21.
Rxd8+ Qxd8 22. Bxe7 Nxe7 23. h3 h6 24. Qc4 Nc6 25. Qc5 Be4 26. b5 b6 27. Qe3
Bxf3 28. Bxf3 Ne7 29. Be4 Qc7 30. f4 Qc4 31. Bd3 Nd5 32. Bxc4 Nxe3 33. Bb3 h5
34. Kf2 Nf5 35. g4 hxg4 36. hxg4 Ne7 37. Ke3 Kf8 38. Ke4 g6 39. Bc4 Ke8 40. Bb3
Kd7 41. Bc4 Kc7 42. Bb3 Kd8 43. Bc4 Kd7 44. Bb3 Ng8 45. Bc4 Nh6 46. Be2 Kc7 47.
Kd4 Kb7 48. Ke4 Kc7 49. Kd4 Ng8 50. Ke4 Ne7 51. Bc4 Nc8 52. Kd4 Kd8 53. Ke4 Kd7
54. Kd4 Ne7 55. Ke4 Ng8 56. Kd4 Ke7 57. Ke4 Kf8 58. Kf3 Kg7 59. Kg3 Ne7 60. Kh4
Kh6 61. Bb3 g5+ 62. fxg5+ Kg7 63. Bc2 Nd5 64. Kg3 Nc3 65. Bd3 Nd5 66. Kf3 Ne7
67. Be4 Kf8 68. Kf4 Kg7 69. Kf3 Nc8 70. Kf4 Ne7 71. Kf3 Ng8 72. Kf4 Ne7 73. Kf3
Kf8 74. Kf4 Kg7 75. Kf3 1/2-1/2

[Event "PRO League Group Stage"]
[Site "chess.com INT"]
[Date "2019.01.15"]
[Round "2"]
[White "Khamrakulov, Djurabek"]
[Black "Liang, Awonder"]
[Result "0-1"]
[WhiteTitle "GM"]
[BlackTitle "GM"]
[WhiteElo "2503"]
[BlackElo "2589"]
[WhiteTeam "New York Marshalls"]
[BlackTeam "Pittsburgh Pawngrabbers"]
[WhiteFideId "14201143"]
[BlackFideId "2056437"]
[EventDate "2019.01.08"]

1. e4 c6 2. Nc3 d5 3. Nf3 Bg4 4. h3 Bxf3 5. Qxf3 Nf6 6. d3 e6 7. Qg3 Nbd7 8. Be2
g6 9. Bd2 Bg7 10. e5 Ng8 11. f4 h5 12. Qf2 h4 13. O-O-O Ne7 14. Bg4 Qb6 15. d4
Qc7 16. Kb1 O-O-O 17. Be3 Kb8 18. Rhe1 Bf8 19. Ne2 Rc8 20. Ng1 Nf5 21. Nf3 Nxe3
22. Rxe3 c5 23. Nxh4 cxd4 24. Re2 Bc5 25. Qe1 Qb6 26. Ka1 Bb4 27. Qg3 Nc5 28.
Nf3 Ne4 29. Rxe4 dxe4 30. Nxd4 Rhd8 31. c3 Bc5 32. Nc2 Rxd1+ 33. Bxd1 Rd8 34.
Qe1 Qb5 35. Be2 Qd7 36. Kb1 Qd2 37. Qf1 Bf2 38. Na3 Qxf4 39. Nc4 Bg3 40. Qg1 Qf2
41. Qxf2 Bxf2 42. a4 Bg3 43. Nd6 Rd7 44. Nxe4 Bxe5 45. Kc2 Kc7 46. Bb5 Rd8 47.
Ng5 Bf4 48. Nf3 e5 49. Bc4 Rd7 50. Bb5 Re7 51. Bc4 a6 52. Kd1 e4 53. Nd4 Be5 54.
Nc2 Bf4 55. Ke2 Rd7 56. Nd4 Kd6 57. Nb3 f5 58. Nd4 Bc1 59. Be6 Rc7 0-1

[Event "PRO League Group Stage"]
[Site "chess.com INT"]
[Date "2019.01.15"]
[Round "2"]
[White "Le, Tuan Minh"]
[Black "Azarov, Sergei"]
[Result "1/2-1/2"]
[WhiteTitle "IM"]
[BlackTitle "GM"]
[WhiteElo "2515"]
[BlackElo "2575"]
[WhiteTeam "Pittsburgh Pawngrabbers"]
[BlackTeam "New York Marshalls"]
[WhiteFideId "12401153"]
[BlackFideId "13501470"]
[EventDate "2019.01.08"]

1. d4 Nf6 2. Nf3 e6 3. c4 b6 4. a3 Bb7 5. Nc3 d5 6. Bg5 Be7 7. Qa4+ c6 8. Bxf6
Bxf6 9. cxd5 exd5 10. g3 O-O 11. Bg2 Re8 12. O-O Nd7 13. Rfd1 Nf8 14. Rac1 Qd6
15. Qc2 Ne6 16. e3 Rad8 17. b4 g6 18. Ne2 Ba6 19. Rd2 Bc4 20. Nf4 Nxf4 21. gxf4
c5 22. bxc5 bxc5 23. Qa4 cxd4 24. Nxd4 a6 25. Kh1 Qb6 26. Bf3 Rb8 27. Kg2 Kg7
28. Qd7 Re7 29. Qg4 Bxd4 30. Rxd4 Qb2 31. Rcd1 Qxa3 32. f5 Rb6 33. Bxd5 Bxd5+
34. Rxd5 Rf6 35. Qd4 Rb7 36. Rd6 Qxd6 37. Qxd6 Rxd6 38. Rxd6 Ra7 39. f6+ Kh6 40.
Kg3 g5 41. f4 Kg6 42. e4 gxf4+ 43. Kxf4 a5 44. e5 a4 45. Rd3 h5 46. Rg3+ Kh6 47.
Ra3 h4 48. Kf5 Ra5 49. Rh3 Kh5 50. Rd3 Ra8 51. Ra3 Kh6 52. Rh3 Kh5 53. Ra3 Kh6
54. Rh3 Kh5 55. Ra3 1/2-1/2

[Event "PRO League Group Stage"]
[Site "chess.com INT"]
[Date "2019.01.15"]
[Round "2"]
[White "Yu, Jennifer"]
[Black "Moranda, Wojciech"]
[Result "0-1"]
[WhiteTitle "FM"]
[BlackTitle "GM"]
[WhiteElo "2313"]
[BlackElo "2593"]
[WhiteTeam "Pittsburgh Pawngrabbers"]
[BlackTeam "New York Marshalls"]
[WhiteFideId "2078341"]
[BlackFideId "1122401"]
[EventDate "2019.01.08"]

1. Nf3 Nf6 2. g3 g6 3. b3 Bg7 4. Bb2 c5 5. Bg2 d5 6. O-O O-O 7. c4 d4 8. d3 Nc6
9. Nbd2 h6 10. a3 a5 11. Qc2 e5 12. Ne1 Qe7 13. h3 Bd7 14. Qd1 Nh5 15. Kh2 f5
16. Nc2 Rae8 17. e4 Nf6 18. Qe2 h5 19. Nf3 Bh6 20. Bc1 f4 21. gxf4 exf4 22. Rh1
g5 23. Kg1 Qg7 24. Nfe1 Ne5 25. f3 g4 26. Kf1 Qg6 27. b4 b6 28. b5 Re7 29. Qf2
Be6 30. Qe2 Ne8 31. a4 Nd6 32. Na3 Rg7 33. hxg4 hxg4 34. Qf2 Bg5 35. Ke2 Rff7
36. Kd1 Rh7 37. Kc2 Rxh1 38. Bxh1 Rh7 39. Bg2 Bh4 40. Qf1 Bxe1 41. Qxe1 Rh2 42.
Qg1 Nxf3 43. Qf2 Rxg2 44. Qxg2 Ne1+ 45. Kd1 Nxg2 46. Bxf4 Nxf4 0-1

[Event "PRO League Group Stage"]
[Site "chess.com INT"]
[Date "2019.01.15"]
[Round "2"]
[White "Caruana, Fabiano"]
[Black "Cordova, Emilio"]
[Result "1-0"]
[WhiteTitle "GM"]
[BlackTitle "GM"]
[WhiteElo "2828"]
[BlackElo "2597"]
[WhiteTeam "Saint Louis Arch Bishops"]
[BlackTeam "Webster Windmills"]
[WhiteFideId "2020009"]
[BlackFideId "3801497"]
[EventDate "2019.01.08"]

1. e4 c5 2. Nf3 Nc6 3. Bb5 g6 4. Bxc6 dxc6 5. d3 Bg7 6. O-O Nf6 7. Re1 Bg4 8.
Nbd2 Nd7 9. h3 Bxf3 10. Nxf3 e5 11. Be3 O-O 12. a3 a5 13. Qd2 a4 14. b4 axb3 15.
cxb3 Qa5 16. Qc2 Rfd8 17. Rec1 Bf8 18. Bg5 Re8 19. a4 Qc7 20. Nd2 f6 21. Be3 Qd6
22. a5 Qe6 23. Nc4 Ra6 24. Rf1 Raa8 25. f4 exf4 26. Bxf4 Be7 27. Rae1 Rad8 28.
Qc3 Rf8 29. Re3 Rf7 30. Qe1 Nf8 31. g4 Rd4 32. Qg3 g5 33. Bb8 Ng6 34. Ref3 Rf8
35. Bc7 Nh4 36. Re3 h6 37. Qf2 Qd7 38. Bg3 Ng6 39. Qf5 Kg7 40. Rff3 Bd8 41. Qxc5
Be7 42. Qf5 Bb4 43. Kg2 Ne7 44. Qxd7 Rxd7 45. e5 f5 46. e6 Rd5 47. gxf5 Nxf5 48.
Re4 Nxg3 49. Rxg3 Bc5 50. h4 Rf2+ 51. Kh3 Kf6 52. Ne3 Ke7 53. Nxd5+ cxd5 54. Re1
Bb4 55. Rh1 Kxe6 56. hxg5 hxg5 57. Rxg5 Bxa5 58. Kg3 Rf6 59. Rhh5 Bc7+ 60. Kg2
d4 61. Rg4 Bf4 62. Rb5 Be3 63. Rb6+ Kf5 64. Rxf6+ Kxf6 65. Kf3 b5 66. Ke4 Ke6
67. Rg6+ 1-0

[Event "PRO League Group Stage"]
[Site "chess.com INT"]
[Date "2019.01.15"]
[Round "2"]
[White "So, Wesley"]
[Black "Cervantes Landeiro, Thalia"]
[Result "1-0"]
[WhiteTitle "GM"]
[BlackTitle "WIM"]
[WhiteElo "2765"]
[BlackElo "2159"]
[WhiteTeam "Saint Louis Arch Bishops"]
[BlackTeam "Webster Windmills"]
[WhiteFideId "5202213"]
[BlackFideId "3520498"]
[EventDate "2019.01.08"]

1. c4 e5 2. Nc3 Nc6 3. Nf3 Bc5 4. e3 a6 5. Nxe5 Nxe5 6. d4 Bd6 7. c5 Bxc5 8.
dxc5 Nf6 9. e4 O-O 10. Be2 d6 11. cxd6 cxd6 12. O-O b5 13. Bg5 h6 14. Bh4 Bb7
15. Qd4 Nc6 16. Qd3 Ne5 17. Qd4 Nc6 18. Qe3 b4 19. Na4 Ne5 20. Rad1 Ng6 21. Nc5
Bc6 22. Bg3 Ne8 23. e5 d5 24. e6 f5 25. Bh5 f4 26. Bxf4 Rxf4 27. Bxg6 Rf6 28.
Bf7+ Kh8 29. Nd3 Qe7 30. Ne5 Bb5 31. Rfe1 Nd6 32. Ng6+ Rxg6 33. Bxg6 Rf8 34.
Rxd5 Nc4 35. Qc5 Qf6 36. Qxf8+ Qxf8 37. e7 1-0